Linear algebra with applications (Record no. 11086)

000 -LEADER
fixed length control field 00414 a2200169 4500
020 ## - INTERNATIONAL STANDARD BOOK NUMBER
International Standard Book Number 9780136009290
082 ## - DEWEY DECIMAL CLASSIFICATION NUMBER
Classification number 512.5
090 ## - LOCALLY ASSIGNED LC-TYPE CALL NUMBER (OCLC); LOCAL CALL NUMBER (RLIN)
-- 7283
-- 7283
100 ## - MAIN ENTRY--PERSONAL NAME
Personal name Leon, Steven J.
245 ## - TITLE STATEMENT
Title Linear algebra with applications
Statement of responsibility, etc. Steven J.Leon
250 ## - EDITION STATEMENT
Edition statement 8th ed.
260 ## - PUBLICATION, DISTRIBUTION, ETC.
Place of publication, distribution, etc. New York
Name of publisher, distributor, etc. Prentice Hall
Date of publication, distribution, etc. 2010
300 ## - PHYSICAL DESCRIPTION
Extent 490 p.
650 ## - SUBJECT ADDED ENTRY--TOPICAL TERM
Topical term or geographic name entry element Algebras, Linear
700 ## - ADDED ENTRY--PERSONAL NAME
Personal name Steven J.Leon
942 ## - ADDED ENTRY ELEMENTS (KOHA)
Koha item type Book
Call number prefix 512.5 LEO
Holdings
Withdrawn status Lost status Damaged status Not for loan Collection code Permanent Location Current Location Shelving location Date acquired Source of acquisition Cost, normal purchase price Total Checkouts Total Renewals Full call number Barcode Checked out Date last seen Date last checked out Price effective from Koha item type
          Central Library (CL) Central Library (CL) General Stacks 08/30/2012 Eagle Information Marketing 10895.18 4 1 512.5 LEO SEECS011522 11/01/2024 07/04/2024 07/04/2024 01/05/2017 Book
© 2023 Central Library, National University of Sciences and Technology. All Rights Reserved.